The beauty of fired clay : (Record no. 22217)

000 -LEADER
fixed length control field 01601pam a2200373 a 4500
001 - CONTROL NUMBER
control field 1635656
003 - CONTROL NUMBER IDENTIFIER
control field OSt
005 - DATE AND TIME OF LATEST TRANSACTION
control field 20170123154038.0
008 - FIXED-LENGTH DATA ELEMENTS--GENERAL INFORMATION
fixed length control field 960710s1997 nyua b 000 0 eng
010 ## - LIBRARY OF CONGRESS CONTROL NUMBER
LC control number 96031774
020 ## - INTERNATIONAL STANDARD BOOK NUMBER
International Standard Book Number 9835600201
040 ## - CATALOGING SOURCE
Original cataloging agency DLC
Transcribing agency DLC
Modifying agency DLC
041 1# - LANGUAGE CODE
Language code of text/sound track or separate title eng
Language code of original jpn
043 ## - GEOGRAPHIC AREA CODE
Geographic area code as-----
-- a-ja---
050 00 - LIBRARY OF CONGRESS CALL NUMBER
Classification number NK4154
Item number .H6313 1997
082 00 - DEWEY DECIMAL CLASSIFICATION NUMBER
Classification number 738/.0959/074
Edition number 20
100 1# - MAIN ENTRY--PERSONAL NAME
Personal name Honda, Hiromu,
Dates associated with a name 1918-
240 10 - UNIFORM TITLE
Uniform title <a href="Nankai no kotōji.">Nankai no kotōji.</a>
Number of part/section of a work 2.
Name of part/section of a work Kumēru, Tai, Biruma, Raosu.
Language of a work English
245 14 - TITLE STATEMENT
Title The beauty of fired clay :
Remainder of title ceramics from Burma, Cambodia, Laos, and Thailand /
Statement of responsibility, etc. Hiromu Honda and Noriki Shimazu ; introduction by Dawn F. Rooney.
260 ## - PUBLICATION, DISTRIBUTION, ETC. (IMPRINT)
Place of publication, distribution, etc. New York :
Name of publisher, distributor, etc. Oxford University Press,
Date of publication, distribution, etc. 1997.
300 ## - PHYSICAL DESCRIPTION
Extent xiv, 267 p. :
Other physical details ill. (some col.) ;
Dimensions 30 cm.
504 ## - BIBLIOGRAPHY, ETC. NOTE
Bibliography, etc Includes bibliographical references (p. 49-51).
600 10 - SUBJECT ADDED ENTRY--PERSONAL NAME
Personal name Honda, Hiromu,
Dates associated with a name 1918-
General subdivision Art collections
-- Catalogs.
600 10 - SUBJECT ADDED ENTRY--PERSONAL NAME
Personal name Shimazu, Noriki,
Dates associated with a name 1944-
General subdivision Art collections
-- Catalogs.
650 #0 - SUBJECT ADDED ENTRY--TOPICAL TERM
Topical term or geographic name as entry element Pottery, Southeast Asian
General subdivision Catalogs.
650 #0 - SUBJECT ADDED ENTRY--TOPICAL TERM
Topical term or geographic name as entry element Pottery
General subdivision Private collections
Geographic subdivision Japan
General subdivision Catalogs.
700 1# - ADDED ENTRY--PERSONAL NAME
Personal name Shimazu, Noriki,
Dates associated with a name 1944-
700 1# - ADDED ENTRY--PERSONAL NAME
Personal name Rooney, Dawn.
856 42 - ELECTRONIC LOCATION AND ACCESS
Materials specified Publisher description
Uniform Resource Identifier <a href="http://www.loc.gov/catdir/enhancements/fy0605/96031774-d.html">http://www.loc.gov/catdir/enhancements/fy0605/96031774-d.html</a>
906 ## - LOCAL DATA ELEMENT F, LDF (RLIN)
a 7
b cbc
c orignew
d 1
e ocip
f 19
g y-gencatlg
942 ## - ADDED ENTRY ELEMENTS (KOHA)
Source of classification or shelving scheme
Koha item type Hard Covered Materials
Classification part NK 4154 .H6313 1997
Holdings
Withdrawn status Lost status Source of classification or shelving scheme Damaged status Not for loan Home library Current library Shelving location Date acquired Source of acquisition Total Checkouts Full call number Barcode Date last seen Price effective from Koha item type
          MACHAKOS UNIVERSITY LIBRARY MACHAKOS UNIVERSITY LIBRARY Technical section 23/01/2017 Donation (BFA)   NK 4154 .H6313 1997 31782 12/06/2018 23/01/2017 Hard Covered Materials
© Machakos University Library, Along The Highway, Machakos Wote Rd, Machakos, Kenya P.O. Box 136 - 90100 Machakos - Kenya

Tel: ( +254 ) 723 805829 OR Fax : 044-20353 OR Email: library@mksu.ac.ke